00350 a2200133 4500003000400000005001700004008004100021040000900062082002000071100001500091245005600106260004000162300001400202OSt20221003153203.0221003b ||||| |||| 00| 0 eng d coclc a641.8653bEDM/C aEdmund B I aCake making /cEdmund B I, James Stewai, G S T Barr aLondon:bLeonard Hill Books,c1966. a346 pages